| 000 | 00604pab a2200181 454500 | ||
|---|---|---|---|
| 008 | 180718b2004 xxu||||| |||| 00| 0 eng d | ||
| 100 | _aNegi, Aparna | ||
| 245 | _aSocio-economic factors in human capital formation through education: the case of women in Kinnaur District in Himachal Pradesh | ||
| 260 | _c2004 | ||
| 300 | _ap.807-24. | ||
| 362 | _aOct-Dec | ||
| 650 | _aEducation - India - Himachal pradesh | ||
| 650 | _aHuman capital - India - Himachal Pradesh | ||
| 650 | _aWomen - India - Himachal Pradesh | ||
| 650 | _aWomen | ||
| 773 | _aIndian Journal of Labour Economics | ||
| 909 | _a63929 | ||
| 999 |
_c63929 _d63929 |
||